LEADER 01688nlm 2200289 a 450 001 996412650403316 005 20210422074707.0 010 $a0-520-26637-4 100 $a20090825d2010---- uy 0 101 0 $aeng 102 $aUS 135 $adrcnu 200 1 $aBreaking ranks$eIraq veterans speak out against the war$fMatthew Gutmann and Catherine Anne Lutz 210 1 $aBerkeley$cUniversity of California Press$d2010 215 $aTesto elettronico (PDF) (214 p, [6] carte di tavole : ill.) 230 $aBase dati testuale 330 $aBreaking Ranks porta una prospettiva nuova e profondamente personale alla guerra in Iraq, esaminando le vite di sei veterani che si sono ribellati alla guerra che hanno contribuito a combattere. Basato su ampie interviste con ciascuno dei sei, il libro racconta il motivo per cui si sono arruolati, le loro esperienze di addestramento e nelle prime missioni, i loro tour di combattimento e cosa è successo loro da quando sono tornati a casa. Le storie avvincenti di questo variegato spaccato dell'esercito raccontano come ogni viaggio in Iraq sia iniziato con il sincero desiderio di fare del bene. Matthew Gutmann e Catherine Anne Lutz mostrano come le esperienze di ogni individuo abbiano portato a nuove comprensioni morali e politiche e, in ultima analisi, all'opposizione alla guerra. 606 0 $aGuerra d'Iraq 2003-2011$xVeterani$zStati Uniti d'America$2BNCF 676 $a956.704431 700 1$aGUTMANN,$bMatthew C.$f1953-$0702432 701 1$aLUTZ,$bCatherine$0792623 801 0$bcba$aIT$bcba$gREICAT 912 $a996412650403316 959 $aEB 969 $aER 996 $aBreaking ranks$91772502 997 $aUNISA LEADER 02005nam0 22004093i 450 001 VAN0238051 005 20220610013152.266 017 70$2N$a9783030296735 100 $a20220124d2020 |0itac50 ba 101 $aeng 102 $aCH 105 $a|||| ||||| 200 1 $aStructural-Chemical Systematics of Minerals$fAlexander A. Godovikov, Svetlana N. Nenasheva 210 $aCham$cSpringer$d2020 215 $aXII, 313 p.$cill.$d24 cm 620 $aCH$dCham$3VANL001889 676 $a551.9$cGeochimica$v22 676 $a550$cScienze della terra e geologia - Geofisica$v22 676 $a553$cGeologia applicata - Geologia economica$v22 700 1$aGodovikov$bAlexander A.$3VANV195091$0859282 701 1$aNenasheva$bSvetlana N.$3VANV195092$01074450 712 $aSpringer $3VANV108073$4650 790 1$aGodovikov, Aleksandr Aleksandrovi?$zGodovikov, Alexander A.$3VANV216692 790 1$aGodovikov, Alexander Alexandrovic$zGodovikov, Alexander A.$3VANV216693 790 1$aGodovikov, A. A.$zGodovikov, Alexander A.$3VANV216694 790 1$aGodovikov, A.A.$zGodovikov, Alexander A.$3VANV216695 790 1$aNenaseva, Svetlana Nikolaevna$zNenasheva, Svetlana N.$3VANV216696 790 1$aNenaseva, S. N.$zNenasheva, Svetlana N.$3VANV216697 790 1$aNenasheva, S.N.$zNenasheva, Svetlana N.$3VANV216698 801 $aIT$bSOL$c20240614$gRICA 856 4 $uhttps://link.springer.com/book/10.1007/978-3-319-72877-3$zE-book - Accesso al full-text attraverso riconoscimento IP di Ateneo, proxy e/o Shibboleth 899 $aBIBLIOTECA DEL DIPARTIMENTO DI SCIENZE E TECNOLOGIE AMBIENTALI BIOLOGICHE E FARMACEUTICHE$1IT-CE0101$2VAN17 912 $fN 912 $aVAN0238051 950 $aBIBLIOTECA DEL DIPARTIMENTO DI SCIENZE E TECNOLOGIE AMBIENTALI BIOLOGICHE E FARMACEUTICHE$d17CONS e-book 2223 $e17BIB2223/138 138 20220124 996 $aStructural-Chemical Systematics of Minerals$92572997 997 $aUNICAMPANIA